T20I Cricket Captains of England - Statistics

General Stats
  • This quiz has been taken 53 times
  • The average score is 5 of 10
Answer Stats
No. Of Matches Captained Captains % Correct
72 Eoin Morgan
95%
41 Jos Buttler
93%
12 Moeen Ali
61%
1 Alastair Cook
59%
30 Paul Collingwood
55%
3 Andrew Strauss
52%
27 Stuart Broad
48%
2 Michael Vaughan
36%
3 Graeme Swann
23%
1 James Tredwell
9%
No matching quizzes found
Score Distribution
Percent of People with Each Score
Percentile by Number Answered
Your Score History
You have not taken this quiz